A sertéshizlalás éves eredményeinek értékelése

Elmentve itt :
Bibliográfiai részletek
Szerző: Vén Kun Dániel
További közreműködők: nincs megadva (Témavezető)
Dokumentumtípus: Szakdolgozat
Megjelent: 1967
Kulcsszavak:Sertéstenyésztés
Tárgyszavak:
Online Access:http://diploma.bibl.u-szeged.hu/98833
LEADER 00658nta a2200205 i 4500
001 dipl98833
005 20220328130304.0
008 220225s1967 hu om 0|| zxx d
040 |a SZTE Diploma Repozitórium  |b hun 
041 |a zxx 
100 2 |a Vén Kun Dániel 
245 1 2 |a A sertéshizlalás éves eredményeinek értékelése  |h [elektronikus dokumentum] /  |c Dániel Vén Kun 
260 |c 1967 
300 |a 34 
650 4 |a Agrár 
650 4 |a Agricultural sciences 
650 4 |a Husbandry 
695 |a Sertéstenyésztés 
700 1 |a nincs megadva  |e ths 
856 4 0 |u http://diploma.bibl.u-szeged.hu/id/eprint/98833/1/xxxx_ven_kun_daniel.pdf  |z Dokumentum-elérés